Statistics for Name Two Countries In Each Continent - 15 Second Sprint

Click here to take the quiz!

General Stats

  • This quiz has been taken 863 times
  • The average score is 3 of 6

Answers on the Map

Answers color-coded by a green-red scale on the quiz's map according to % correct below.
Loading ...
 

Answer Stats

Continent % Correct
North America
81%
Europe
63%
Asia
61%
South America
60%
Africa
53%
Oceania
32%

Score Distribution

Percentile by Number Answered

Percent of People with Each Score

Your Score History

You have not taken this quiz